000 003240000a22001450004500
003 MACL
040 _aMACL
090 _c33630
_d33628
100 _aKaeley, S L
245 _aPolitical Science at a glance
260 _bSudha Publication Ltd
_c2001
350 _a140
650 _aPolitical Science
942 _cBOOK
_k320/KAE
999 _c33279
_d33279